000 01043njm a2200289Ia 4500
001 B5060
003 IT-RoPAU
005 20220918181206.0
008 131025s9999 xx 000 0 und d
040 _aIT-RoPAU
040 _cIT-RoPAU
999 _c103444
_d103444
999 _bn.d.
100 _aKmoch Frantisek
_928861
100 _eAutore musica
_928862
100 _gCodice autore musica SPICS: 25294
_928863
245 _aZa Sokolskym Praporem
250 _a1a ed.
260 _aCZECHOSLOVA
260 _bGRAMOFONOVE ZAVODY LODENICE
_c1990 [1a Ed.:1990]
300 _aCOMPACT DISC
300 _c36 minuti (Testo: 0 pag.)
500 _aMusica sinfonica.
505 _aZa Sokolskym Praporem - Ceska Muzika - Hoj, Marenko - Muj Konicek - Andulko Safarova - Jarabacek - Lvi Silou - Hoj, Vzhuru, Pestry Sokole - Pode Mlejnem - Koline, Koline - Jara Mladi - Muziky, Mukiky - Sokolsky Den
511 _aVaclav Hybs Orchestra and Chorus diretti da Hybs Vaclav
650 _aSINFONICA [COMPACT DISC]
_eCodice MATERIA SPICS: 9949
_916800
942 _cCD
_2ddc